000 00715nam a2200193Ia 4500
008 151121s9999||||xx |||||||||||||| ||und||
082 _a780/भट्ट
082 _bHNW-58550
100 _aभटट्ट विश्वंभरनाथ
245 _aस्वरमेलकलानिधि
260 _b"संगीत कार्यालय, हाथरस,उत्तरप्रदेश"
260 _c--
300 _a48
600 _aभटट्ट विश्वंभरनाथ
630 _aस्वरमेलकलानिधि
700 _aभटट्ट विश्वंभरनाथ
730 _aस्वरमेलकलानिधि
942 _cBOOK
999 _c1240364
_d1240361